• 首页
  • 本馆介绍
  • 公告通知
  • 最新文献
  • 馆藏检索
  • 电子资源
  • 读者导购
  • 参考咨询
  • 我的图书馆
  • 登录
  • 详细信息显示
  • 放入我的书架
  • 预约/预借图书
  • 作者相关作品
  • 分类相关作品
  • 丛书相关作品
  • 出版社相关作品

书目信息

  • 表格格式
  • 工作单格式
  • 卡片格式
题名:
文艺论丛
    
 
作者: 王春元 著
分册: 7  
出版信息: 上海   上海文艺出版社  1979
页数: 503页
开本: 20cm
丛书名:
单 册:
中图分类: I216 , I206
科图分类:
主题词: 文学--中国
电子资源:
ISBN:
000 00566nam0 2200217 45
001 0181013773
005 20060517150838.59
010    @dCNY1.45
091    @a10078.3078
100    @a20810111d1979 km y0chiy0120 ea
101 0  @achi
105    @a z 000zy
200 1  @a文艺论丛@AWen Yi Lun Cong@h7@f王春元等著@Fwang chun yuan deng zhu
210    @a上海@c上海文艺出版社@d1979
215    @a503页@d20cm
606 0  @a文学@x中国
690    @aI216@v4
690    @aI206@v3
701  0 @a王春元@Awang chun yuan@4著
801    @aCN@bTSTC@c20060517
905    @dI206@e37:7
    
    文艺论丛.7/王春元等著.-上海:上海文艺出版社,1979
    503页;20cm
    
    
    ISBN :CNY1.45
    
●
相关链接 在E读中查询图书 在五车中查询图书 在当当中查询图书 在豆瓣中查询图书


正题名:文艺论丛     索取号:I206/37:7         预约/预借

序号 登录号 条形码 馆藏地/架位号 状态 备注
1 0019648   202352505   密集书库/ [索取号:I206/37:7] 在馆    
2 0053086   202371735   密集书库/ [索取号:I206/37:7] 在馆    
3 0053088   202309821   密集书库/ [索取号:I206/37:7] 在馆    
唐山师范学院图书馆 欢迎您!
大连网信软件有限公司© 版权所有